000 00212 a2200097 4500
001 13403
100 _a
245 _aThe anti stalin caompaign
260 _aRussian
_bColumbia university
_c
090 _c10416
_d10416
942 _aNUST-CAE
_cM
_c466
999 _c248476
_d248476